000 00773nam a22002890a 4500
001 PT19363
003 AR-LpoUNG
005 20210131232846.0
008 191001s1997||||xxu|||||||||||||||||eng d
020 _a0135191661
_c$45
040 _aAR-LpoUNG
_bspa
_cAR-LpoUNG
_eaacr
041 _aeng
044 _axxu
082 0 _a428 135pre
100 1 _aBadger, Ian
245 1 0 _aAmerican business english program :
_bcourse book pre-intermediate
260 _aNew York :
_bPrentice Hall,
_c1997.
300 _a140 p. :
_bil.
650 4 _aAPRENDIZAJE
650 4 _aENSEƑANZA DE IDIOMAS
650 4 _aLENGUA INGLESA
651 4 _aDOCUMENTOS TEORICOS O METODOLOGICOS
700 1 _aDaniel, David A.
700 1 _aMenzies, Peter
905 _a19363
942 _cLIB
999 _c17855
_d17855